00463nam a2200145Ia 4500008004100000020001500041050002400056100002800080245005800108250001600166260006600182300002100248500004100269521000700310140529s9999 xx 000 0 und d a9710855697 aPL 6056b.P191 2004 aPanganiban, Consuelo T. aEnglish-Pilipino dictionary /cConsuelo T. Panganiban aUpdated ed. aMandaluyong City, Philippines :bNational Book Store,cc2004. a641 p. ;c23 cm. aIncludes bibliographical references. aGE